00741nai a2200181Ia 4500003000900000008004100009022002200050022002300072040001600095245007500111260008600186310001400272362002600286521006900312650005100381650003900432856008800471IN-BaIIA211028c9999 xx s 000 0 eng d a1070-9878 (Print) a1558-4135 (Online) cIIA Library 0aIEEE Transactions on Dielectrics and Electrical Insulationh[eJournal] aNew York, USAbThe Institute of Electrical and Electronics Engineers, Inc. (IEEE) aBimonthly a1(1); 1994 - Present  bSubscribed through National Knowledge Resource Consortium (NKRC) a Engineered Materials, Dielectrics and Plasmas aFields, Waves and Electromagnetics uhttps://ieeexplore.ieee.org/servlet/opac?punumber=94yClick Here to Access eJournal